Hungry Caterpillar Foods Quiz Stats

 Plays Quiz Updated Mar 17, 2020

Support Sporcle.
Go Orange.
Score 0/15 Timer 03:00
3 Plays Today
Amount Food % Correct
OneRed Apple
93.6%
FiveWhole Oranges
72.3%
TwoGreen Pears
62.2%
FourRed Strawberries
59.3%
OnePiece of Chocolate Cake
49.7%
ThreePurple Plums
47.3%
OneSlice of Watermelon
46.3%
OneSlice of Swiss Cheese
34.3%
Amount Food % Correct
OneIce Cream Cone
34.2%
OneLollipop
30.5%
OnePiece of Cherry Pie
29%
OneSausage
26.3%
OneCupcake
23.6%
OneSlice of Salami
22.4%
OnePickle
21.3%

From the Vault

South Parkified Game of Thrones Characters

by RioMadeira

When Westros meets South Park only crazy things can happen.
Remove Ads.
Support Sporcle.
Get the best of Sporcle when you Go Orange. This ad-free experience offers more features, more stats, and more fun while also helping to support Sporcle. Thank you for becoming a member.

Show Comments

Extras

Top Quizzes Today


Score Distribution

Your Account Isn't Verified!

In order to create a playlist on Sporcle, you need to verify the email address you used during registration. Go to your Sporcle Settings to finish the process.

Report this User

Report this user for behavior that violates our Community Guidelines.

Details: